00889nam a2200241Ia 4500001000600000003000900006008004100015040001300056040001300069041001300082100001900095100002900114245003100143245006400174250001100238260001000249260000900259260004900268300005800317500021900375650002200594650003100616H2582IT-RoPAU130308s9999 xx 000 0 und d aIT-RoPAU cIT-RoPAU aFRANCESE aCamion Arlette gCodice Aut. SPICS: 57059 aAntitheatre de Handke (L') bEcrire pour le Theatre. Les Enjeux de L'Ecriture Dramatique a1a ed. aPARIS bCNRS c2000 [1° Ed.:2000 - Ed.Ling.Originale:2000] a"14 p. (prefazione: no ; testo: 14 [pagine: 95-108])" aAntiteatro di Handke. inizi Iconoclasti in Seno al gruppo di Graz. Opere teatrali Parlate: una Riflessione Sul Linguaggio. ritorno Ai Personaggi. Unascrittura Dello Spazio. Viaggio Nei paesi del Teatro Impossibile. aTEORICHE TEATRALI eCodice materia Spics: 8405